La crisis económica de la agricultura (Registro nro. 6540)
[ vista simple ]
| 000 -LEADER | |
|---|---|
| fixed length control field | 00902 a2200205 4500 |
| 001 - CONTROL NUMBER | |
| control field | 58987 |
| 005 - DATE AND TIME OF LATEST TRANSACTION | |
| control field | 20260407155844.0 |
| 008 - FIXED-LENGTH DATA ELEMENTS--GENERAL INFORMATION | |
| fixed length control field | 260407a1969 arg spa d |
| 003 - CONTROL NUMBER IDENTIFIER | |
| control field | AR-UNSa-BCEJYS |
| 040 ## - CATALOGING SOURCE | |
| Original cataloging agency | AR-UNSa-BCEJYS |
| Language of cataloging | spa |
| Transcribing agency | AR-UNSa-BCEJYS |
| 080 ## - UNIVERSAL DECIMAL CLASSIFICATION NUMBER | |
| Universal Decimal Classification number | 338.43 |
| Common auxiliary subdivision | Agricultura como una rama de la economía. Economía de los productos alimenticios |
| 100 1# - MAIN ENTRY--PERSONAL NAME | |
| Personal name | Schultz, Theodore W. |
| 245 10 - TITLE STATEMENT | |
| Title | La crisis económica de la agricultura |
| Name of part/section of a work | con un apendice sobre la teoría del crecimiento económico y la rentabilidad de la agriculturaan América Latina |
| 264 #1 - PRODUCTION, PUBLICATION, DISTRIBUTION, MANUFACTURE, AND COPYRIGHT NOTICE | |
| Place of production, publication, distribution, manufacture | Buenos Aires : |
| Name of producer, publisher, distributor, manufacturer | Alianza |
| Date of production, publication, distribution, manufacture, or copyright notice | 1969 |
| 300 ## - PHYSICAL DESCRIPTION | |
| Extent | 200 p. |
| Dimensions | 19 cm. |
| 505 ## - FORMATTED CONTENTS NOTE | |
| Formatted contents note | 1. Una interpretación económica - 2. La agricultura tradicional - 3. La agricultura tradicional como fuente de crecimiento económico - 4. La agricultura moderna. |
| 590 ## - LOCAL NOTE (RLIN) | |
| Local note | niveau_biblio:m niveau_hierar:0 |
| 700 1# - ADDED ENTRY--PERSONAL NAME | |
| Personal name | Vergara, José |
| 942 ## - ADDED ENTRY ELEMENTS (KOHA) | |
| Koha item type | |
| Withdrawn status | Lost status | Damaged status | Not for loan | Home library | Current library | Shelving location | Date acquired | Total checkouts | Full call number | Barcode | Date last seen | Price effective from | Koha item type |
|---|---|---|---|---|---|---|---|---|---|---|---|---|---|
| Biblioteca Prof. Eusebio Cleto del Rey | Biblioteca Prof. Eusebio Cleto del Rey | 07/04/2026 | 338.43 S386 | L26645 | 07/04/2026 | 07/04/2026 | Libro |